Crúp- Xcai- A

সংরক্ষণ করুন:
গ্রন্থ-পঞ্জীর বিবরন
অন্যান্য লেখক: C,Ma-sta-co-va
বিন্যাস: গ্রন্থ
প্রকাশিত: H, Phụ nữ 1983
বিষয়গুলি:
ট্যাগগুলো: ট্যাগ যুক্ত করুন
কোনো ট্যাগ নেই, প্রথমজন হিসাবে ট্যাগ করুন!
Thư viện lưu trữ: Trung tâm Học liệu Lê Vũ Hùng, Trường Đại học Đồng Tháp
LEADER 00675pam a22002298a 4500
001 00020911
005 20171026081025.0
008 110520s1983 ||||||Viesd
041 0 # |a Vie 
082 1 4 |a 891,73  |b CR500X 
245 0 0 |a Crúp- Xcai- A  |c L,Cu-Nit-Xcai-a, C,Ma-sta-co-va 
260 # # |a H,  |b Phụ nữ  |c 1983 
300 # # |a 394 tr,  |c 19cm 
650 # 4 |a Liên xô 
650 # 4 |a Văn học hiện đại 
653 # # |a Truyện ngắn 
700 0 # |a C,Ma-sta-co-va 
852 # # |b Kho đọc  |j KD.0006319 
852 # # |j KD.0006319 
910 0 # |a Hiếu  |d 20/05/2011 
980 # # |a Trung tâm Học liệu Lê Vũ Hùng, Trường Đại học Đồng Tháp